| 000 | 01388nac a22003131i 4500 | ||
|---|---|---|---|
| 003 | EG-ScBUE | ||
| 005 | 20240219121109.0 | ||
| 008 | 121211s1987 ua abo f 000 0 ara d | ||
| 017 | _a87 / 2367 | ||
| 020 | _a977012879 | ||
| 040 |
_aEG-ScBUE _bara _erda _cEG-ScBUE _dEG-ScBUE |
||
| 043 | _af------ | ||
| 082 | 0 | 4 |
_a960.0223 _bم ا ك _222 |
| 100 | 1 |
_aماكيفيدي، كولين، _eمؤلف. _931634 |
|
| 240 | 1 | 0 |
_aPenguin atlas of African history. _lArabic |
| 245 | 1 | 0 |
_aأطلس التاريخ الإفريقي / _cتأليف كولين ماكيفيدي ؛ ترجمة مختار السويفي ؛ مراجعة محمد العزب موسى. |
| 264 | 1 |
_aالقاهرة : _bالهيئة المصرية العامة للكتاب، _c1987. |
|
| 300 |
_a251 صفحة ؛ _bإيضاحيات، خرائط، صور ؛ _c20 سم |
||
| 336 |
_2rdacontent _aنص _btxt |
||
| 337 |
_aبدون وسيط _2rdamedia _bn |
||
| 338 |
_aمجلد _bnc _2rdacarrier |
||
| 546 | _aالنص باللغة العربية وتم ترجمته من اللغة الإنجليزية. | ||
| 651 | 7 |
_aإفريقيا _xتاريخ _yالعصر الحديث. _2BUEsh _931635 |
|
| 651 | 7 |
_aإفريقيا _xخرائط. _2BUEsh _931636 |
|
| 655 | _vReading book | ||
| 700 | 1 |
_aسويفي، مختار، _d1933- _eمترجم. _931637 |
|
| 700 | 1 |
_aموسى، محمد العزب، _d1935- _eمراجع. |
|
| 942 |
_cNB _2ddc |
||
| 999 |
_c6220 _d6220 |
||